[Event "Florianopolis op 10th"]
[Site "Florianopolis"]
[Date "2024.01.22"]
[Round "4"]
[White "Delgado, Lidio Dias"]
[Black "Pimenta, Elisandro da Silva"]
[Result "1-0"]
[WhiteElo "2110"]
[BlackElo "1829"]
[PlyCount "35"]
[EventDate "2024.01.20"]
[EventType "swiss"]
[EventRounds "10"]
[EventCountry "BRA"]
[SourceTitle "CB05_2024"]
[SourceDate "2024.01.31"]
[SourceVersion "1"]
[SourceVersionDate "2024.01.31"]
[SourceQuality "1"]

1. d4 Nf6 2. Nf3 e6 3. c4 d5 4. g3 Be7 5. Bg2 0-0 6. 0-0 c6 7. Qc2 Nbd7 8. Nbd2 b6 9. e4 dxe4 10. Nxe4 Bb7 11. Be3 Qc8 12. Nxf6+ Bxf6 13. Rad1 e5 14. Bh3 exd4 15. Bxd4 Bxd4 16. Nxd4 c5 17. Nf5 Ne5 18. f4 1-0

[Event "Criciuma op-A"]
[Site "Criciuma"]
[Date "2024.01.15"]
[Round "5"]
[White "Pimenta, Elisandro da Silva"]
[Black "Duarte Napoles, Fanny"]
[Result "0-1"]
[WhiteElo "1829"]
[BlackElo "2220"]
[PlyCount "58"]
[EventDate "2024.01.12"]
[EventType "swiss"]
[EventRounds "9"]
[EventCountry "BRA"]
[SourceTitle "CB04_2024"]
[SourceDate "2023.10.16"]
[SourceVersion "1"]
[SourceVersionDate "2023.10.16"]
[SourceQuality "1"]

1. d4 Nf6 2. Nf3 d5 3. e3 c6 4. Bd3 Bg4 5. Nbd2 e6 6. 0-0 Nbd7 7. c3 Bd6 8. h3 Bh5 9. Qc2 0-0 10. e4 dxe4 11. Nxe4 Nxe4 12. Bxe4 f5 13. Ng5 fxe4 14. Nxe6 Qe7 15. Nxf8 Rxf8 16. Qb3+ Qf7 17. Qxf7+ Bxf7 18. Be3 a5 19. b3 Nf6 20. Rac1 Nd5 21. c4 Nb4 22. c5 Be7 23. a3 Nd3 24. Rb1 Bf6 25. b4 axb4 26. axb4 Bc4 27. f3 Re8 28. fxe4 Rxe4 29. Rf3 Rxe3 0-1

[Event "Florianopolis op 9th"]
[Site "Florianopolis"]
[Date "2023.01.25"]
[Round "4"]
[White "Pimenta, Elisandro da Silva"]
[Black "Dominguez, Facundo"]
[Result "0-1"]
[WhiteElo "1855"]
[BlackElo "2132"]
[PlyCount "42"]
[EventDate "2023.01.23"]
[EventType "swiss"]
[EventRounds "10"]
[EventCountry "BRA"]
[SourceTitle "CBM 212 Extra"]
[Source "ChessBase"]
[SourceDate "2023.03.31"]
[SourceVersion "1"]
[SourceVersionDate "2023.03.31"]
[SourceQuality "1"]

1. b3 e5 2. Bb2 Nc6 3. e3 Nf6 4. Bb5 Bd6 5. Ne2 a6 6. Bxc6 dxc6 7. 0-0 0-0 8. h3 c5 9. d3 e4 10. dxe4 Nxe4 11. Nbc3 Qh4 12. Nxe4 Qxe4 13. Nc3 Qe5 14. f4 Qxe3+ 15. Kh1 Bf5 16. Qh5 Bxc2 17. Nd5 Qe6 18. Bxg7 Kxg7 19. f5 Qe5 20. f6+ Kh8 21. Qxe5 Bxe5 0-1

[Event "Florianopolis Regional STD op"]
[Site "Florianopolis"]
[Date "2018.10.13"]
[Round "4"]
[White "Pimenta, Elisandro da Silva"]
[Black "Rodrigues, Edgar"]
[Result "0-1"]
[WhiteElo "1857"]
[BlackElo "2334"]
[PlyCount "30"]
[EventDate "2018.10.12"]
[EventType "swiss"]
[EventRounds "6"]
[EventCountry "BRA"]
[SourceTitle "CBM 186 Extra"]
[Source "ChessBase"]
[SourceDate "2018.08.24"]
[SourceVersion "1"]
[SourceVersionDate "2018.08.24"]
[SourceQuality "1"]

1. Nf3 d5 2. b3 Nf6 3. Bb2 e6 4. e3 Be7 5. Ne5 Nbd7 6. f4 Nxe5 7. Bxe5 0-0 8. Be2 Nd7 9. 0-0 Nxe5 10. fxe5 d4 11. c4 Bc5 12. Qc2 dxe3 13. dxe3 Bxe3+ 14. Kh1 Bd4 15. Nc3 Bxe5 0-1

[Event "BRA-ch Amateur U2000"]
[Site "Sao Paulo"]
[Date "2017.10.15"]
[Round "7"]
[White "Pimenta, Elisandro da Silva"]
[Black "Cardozo, Matheus Santos"]
[Result "1-0"]
[WhiteElo "1829"]
[BlackElo "1852"]
[PlyCount "45"]
[EventDate "2017.10.12"]
[EventType "swiss"]
[EventRounds "7"]
[EventCountry "BRA"]
[SourceTitle "EXT 2019"]
[Source "ChessBase"]
[SourceDate "2018.10.10"]
[SourceVersion "1"]
[SourceVersionDate "2018.10.10"]
[SourceQuality "1"]

1. e4 c5 2. Nc3 Nc6 3. f4 g6 4. Nf3 Bg7 5. Bb5 a6 6. Bxc6 bxc6 7. 0-0 d5 8. e5 e6 9. b3 Ne7 10. Ba3 Qa5 11. Na4 c4 12. Bc5 Rb8 13. Nd4 Bd7 14. Qe2 Nf5 15. g4 Nxd4 16. Bxd4 Bf8 17. Qe3 Be7 18. Kh1 0-0 19. f5 exf5 20. gxf5 Bxf5 21. Rxf5 gxf5 22. Rg1+ Kh8 23. Qh6 1-0

[Event "BRA-ch Amateur U2000"]
[Site "Sao Paulo"]
[Date "2017.10.13"]
[Round "4"]
[White "Rodrigo da Silva, Edson"]
[Black "Pimenta, Elisandro da Silva"]
[Result "1/2-1/2"]
[WhiteElo "1991"]
[BlackElo "1829"]
[PlyCount "49"]
[EventDate "2017.10.12"]
[EventType "swiss"]
[EventRounds "7"]
[EventCountry "BRA"]
[SourceTitle "EXT 2019"]
[Source "ChessBase"]
[SourceDate "2018.10.10"]
[SourceVersion "1"]
[SourceVersionDate "2018.10.10"]
[SourceQuality "1"]

1. d4 Nf6 2. c4 e6 3. Nc3 c5 4. d5 exd5 5. cxd5 d6 6. e4 g6 7. Nf3 Bg7 8. Be2 0-0 9. 0-0 Re8 10. Nd2 a6 11. a4 Nbd7 12. f3 Nh5 13. Nc4 Ne5 14. Be3 Nxc4 15. Bxc4 b6 16. Qd2 f5 17. Bg5 Bf6 18. Bxf6 Qxf6 19. exf5 Qxf5 20. Rfe1 Bb7 21. Rxe8+ Rxe8 22. Re1 Re5 23. Ne4 Qf8 24. Ng5 Qf6 25. Ne4 1/2-1/2

[Event "BRA-ch Amateur U2000"]
[Site "Sao Paulo"]
[Date "2017.10.12"]
[Round "2"]
[White "Reinaldo Dos Santos, Julio"]
[Black "Pimenta, Elisandro da Silva"]
[Result "1-0"]
[WhiteElo "1946"]
[BlackElo "1829"]
[PlyCount "71"]
[EventDate "2017.10.12"]
[EventType "swiss"]
[EventRounds "7"]
[EventCountry "BRA"]
[SourceTitle "EXT 2022"]
[Source "ChessBase"]
[SourceDate "2021.10.06"]
[SourceVersion "1"]
[SourceVersionDate "2021.10.06"]
[SourceQuality "1"]

1. d4 Nf6 2. Bf4 d5 3. Nf3 e6 4. e3 Bd6 5. Bg3 0-0 6. Nbd2 c5 7. c3 Nc6 8. Bd3 Re8 9. Ne5 Qc7 10. f4 g6 11. Bh4 Be7 12. g4 Nd7 13. Bf2 f6 14. Nxg6 hxg6 15. Bxg6 Rf8 16. g5 Kg7 17. Bd3 Rh8 18. h4 f5 19. h5 Nf8 20. h6+ Kh7 21. Qh5 Ng6 22. Nf3 Bd7 23. Nh4 Be8 24. Qf3 cxd4 25. Nxg6 Bxg6 26. exd4 Bd6 27. Bg3 Rae8 28. 0-0 Re7 29. Rf2 Rf8 30. Re1 Nd8 31. Bc2 Nf7 32. Kg2 Qd7 33. Rfe2 Bc7 34. Bb3 b5 35. Bxd5 Rfe8 36. Bc6 1-0

[Event "Porto Alegre Oncosinos op"]
[Site "Porto Alegre"]
[Date "2016.11.27"]
[Round "5"]
[White "Prochnow, Marcos Alberto"]
[Black "Pimenta, Elisandro da Silva"]
[Result "0-1"]
[WhiteElo "1611"]
[BlackElo "1830"]
[PlyCount "74"]
[EventDate "2016.11.25"]
[EventType "swiss"]
[EventRounds "5"]
[EventCountry "BRA"]
[SourceTitle "CBM 175 Extra"]
[Source "ChessBase"]
[SourceDate "2016.12.12"]
[SourceVersion "1"]
[SourceVersionDate "2016.12.12"]
[SourceQuality "1"]

1. e4 d6 2. Nf3 Nf6 3. Nc3 g6 4. d3 Bg7 5. g3 c5 6. a3 Nc6 7. Bg2 0-0 8. 0-0 Rb8 9. Rb1 a5 10. Ne2 b5 11. b3 Bb7 12. Bf4 e5 13. Bg5 b4 14. a4 h6 15. Bd2 d5 16. exd5 Nxd5 17. c4 Nc7 18. Be3 Ne6 19. Qd2 Kh7 20. Rbd1 Ncd4 21. Bxd4 cxd4 22. h3 Nc5 23. Rb1 Nxd3 24. Nfxd4 Nxf2 25. Rxf2 exd4 26. Qd3 Re8 27. Rbf1 f5 28. Nf4 Re3 29. Qd2 Rxg3 30. Ne6 Qd6 31. Nxg7 Kxg7 32. Re1 Rd8 33. Ree2 d3 34. Re3 Rxe3 35. Qxe3 Bxg2 36. Rd2 Be4 37. c5 Qd4 0-1

[Event "Florianopolis Winter U220 op"]
[Site "Florianopolis"]
[Date "2016.08.20"]
[Round "5"]
[White "Rodio, Julia Brunetto"]
[Black "Pimenta, Elisandro da Silva"]
[Result "1-0"]
[WhiteElo "1638"]
[BlackElo "1853"]
[PlyCount "85"]
[EventDate "2016.08.19"]
[EventType "swiss"]
[EventRounds "7"]
[EventCountry "BRA"]
[SourceTitle "CBM 174 Extra"]
[Source "ChessBase"]
[SourceDate "2016.10.10"]
[SourceVersion "1"]
[SourceVersionDate "2016.10.10"]
[SourceQuality "1"]

1. e4 d5 2. exd5 Qxd5 3. Nc3 Qa5 4. d4 c6 5. Bc4 Nf6 6. Nge2 Bf5 7. 0-0 e6 8. Ng3 Bg6 9. f4 Nbd7 10. f5 exf5 11. Re1+ Ne4 12. Ngxe4 fxe4 13. Nxe4 0-0-0 14. c3 Nf6 15. Ng5 Qc7 16. Qb3 Bd6 17. Nf3 Be4 18. Ne5 Bxe5 19. dxe5 Qxe5 20. Bxf7 Rd6 21. g3 Ng4 22. Qb4 Qf5 23. Bf4 Rhd8 24. Qxe4 Qxf7 25. Rf1 Qh5 26. Qg2 Rd3 27. Rae1 Qc5+ 28. Kh1 g5 29. Bc1 h5 30. h3 h4 31. gxh4 Ne5 32. Bxg5 R8d7 33. Qh2 Qd5+ 34. Kg1 Qc5+ 35. Kh1 R7d5 36. Bf4 Nf3 37. Re8+ Kd7 38. Qe2 Ne5 39. Bxe5 Rxh3+ 40. Bh2 Rxh2+ 41. Kxh2 Qd6+ 42. Kh1 Qg6 43. Qe7# 1-0

[Event "Porto Alegre Gaucho op"]
[Site "Porto Alegre"]
[Date "2015.11.01"]
[Round "4"]
[White "Pimenta, Elisandro da Silva"]
[Black "Noronha, Natanael Muana C"]
[Result "1-0"]
[WhiteElo "1841"]
[BlackElo "1849"]
[PlyCount "47"]
[EventDate "2015.10.31"]
[EventType "swiss"]
[EventRounds "6"]
[EventCountry "BRA"]
[SourceTitle "CBM 169 Extra"]
[Source "ChessBase"]
[SourceDate "2015.12.18"]
[SourceVersion "1"]
[SourceVersionDate "2015.12.18"]
[SourceQuality "1"]

1. e4 c5 2. d4 cxd4 3. c3 dxc3 4. Nxc3 d6 5. Nf3 Nf6 6. Bc4 e6 7. 0-0 Be7 8. Qe2 0-0 9. Rd1 Bd7 10. Bf4 e5 11. Bg5 Nc6 12. Bxf6 gxf6 13. Nh4 Nd4 14. Qh5 Be6 15. Rd3 Kh8 16. Nf5 Rg8 17. Qxh7+ Kxh7 18. Rh3+ Kg6 19. Rh6+ Kg5 20. h4+ Kf4 21. g3+ Kg4 22. Kg2 Bxf5 23. Be2+ Nxe2 24. f3# 1-0

[Event "Porto Alegre Oncosinos op"]
[Site "Porto Alegre"]
[Date "2015.09.07"]
[Round "6"]
[White "De Almeida, Edson Soyaux"]
[Black "Pimenta, Elisandro da Silva"]
[Result "0-1"]
[WhiteElo "1918"]
[BlackElo "1787"]
[PlyCount "95"]
[EventDate "2015.09.04"]
[EventType "swiss"]
[EventRounds "7"]
[EventCountry "BRA"]
[SourceTitle "EXT 2016"]
[Source "ChessBase"]
[SourceDate "2015.10.08"]
[SourceVersion "1"]
[SourceVersionDate "2015.10.08"]
[SourceQuality "1"]

1. e4 c5 2. Nf3 d6 3. c3 Nc6 4. d4 cxd4 5. cxd4 Nf6 6. d5 Nb8 7. Nc3 g6 8. Be3 Bg7 9. h3 0-0 10. Qd2 Nbd7 11. Bd3 a6 12. Bc2 b5 13. a3 Bb7 14. 0-0 Rc8 15. Rac1 Qa5 16. Nd4 Ne5 17. Nb3 Qd8 18. Bd3 Nc4 19. Bxc4 Rxc4 20. f3 Nd7 21. Ne2 Ne5 22. Na5 Rxc1 23. Rxc1 Bc8 24. Nd4 Qd7 25. f4 Nc4 26. Nxc4 bxc4 27. Rxc4 e6 28. Nc6 exd5 29. exd5 Re8 30. Bf2 Kf8 31. Bd4 Bh6 32. g4 Bb7 33. Kg2 Bxc6 34. dxc6 Qe6 35. Rc3 Qe4+ 36. Kg3 Rc8 37. g5 Bg7 38. Bxg7+ Kxg7 39. Qc1 d5 40. Re3 Rxc6 41. Qe1 Qf5 42. b3 d4 43. Rf3 Re6 44. Qd2 Qe4 45. Kf2 Rc6 46. Rd3 Qh1 47. Rxd4 Rc2 48. Kg3 0-1

[Event "Porto Alegre op"]
[Site "Porto Alegre"]
[Date "2013.07.06"]
[Round "1"]
[White "Lages, Duarte Jorge Da Sil"]
[Black "Pimenta, Elisandro da Silva"]
[Result "1-0"]
[WhiteElo "1787"]
[BlackElo "1782"]
[PlyCount "57"]
[EventDate "2013.07.06"]
[EventType "swiss"]
[EventRounds "6"]
[EventCountry "BRA"]
[SourceTitle "EXT 2014"]
[Source "ChessBase"]
[SourceDate "2013.11.20"]
[SourceVersion "1"]
[SourceVersionDate "2013.11.20"]
[SourceQuality "1"]

1. d4 Nf6 2. c4 e6 3. g3 d5 4. Bg2 c6 5. Nf3 Bb4+ 6. Bd2 Qa5 7. 0-0 0-0 8. Qc2 Nbd7 9. Nc3 dxc4 10. a3 Be7 11. e4 Qh5 12. Bf4 e5 13. dxe5 Ng4 14. h3 Ngxe5 15. Nxe5 Nxe5 16. g4 Nxg4 17. hxg4 Qxg4 18. Ne2 h5 19. Rfe1 g5 20. f3 Bc5+ 21. Kf1 Qe6 22. Bxg5 Qg6 23. Bh4 Kh7 24. Nf4 Qh6 25. e5+ Kg8 26. Qxc4 Bb6 27. e6 fxe6 28. Nxe6 Bxe6 29. Rxe6 1-0

[Event "Porto Alegre op"]
[Site "Porto Alegre"]
[Date "2013.07.06"]
[Round "2"]
[White "Pimenta, Elisandro da Silva"]
[Black "Torres, Mauricio Pereira"]
[Result "1-0"]
[WhiteElo "1782"]
[BlackElo "1800"]
[PlyCount "59"]
[EventDate "2013.07.06"]
[EventType "swiss"]
[EventRounds "6"]
[EventCountry "BRA"]
[SourceTitle "EXT 2014"]
[Source "ChessBase"]
[SourceDate "2013.11.20"]
[SourceVersion "1"]
[SourceVersionDate "2013.11.20"]
[SourceQuality "1"]

1. d4 Nf6 2. c4 g6 3. Nc3 Bg7 4. Nf3 d6 5. Bf4 0-0 6. e3 Nbd7 7. Be2 c5 8. h3 a6 9. 0-0 b6 10. Re1 Bb7 11. Qc2 Rc8 12. d5 Nh5 13. Bh2 Bxc3 14. Qxc3 Nhf6 15. Bd3 b5 16. b3 b4 17. Qb2 Nb6 18. e4 e5 19. dxe6 fxe6 20. Ng5 Qd7 21. e5 Qc6 22. f3 dxe5 23. Rxe5 Rce8 24. Rae1 Bc8 25. Qc2 Re7 26. Qf2 Qe8 27. Rxc5 h6 28. Ne4 Nxe4 29. Bxe4 Nd7 30. Rc7 1-0